Zlato ako nepokojný prístav peňazí

Zlato ako garancia hodnoty. Za 2500 rokov nabralo na hodnote. Rozdiel medzi cenou a hodnotou zlata. Faktory ovplyvňujúce cenu zlata. Obchoduje sa nemetricky.

Gespeichert in:
Bibliographische Detailangaben
1. Verfasser: Kmeťko, Miroslav, 1969-
Format: Buchkapitel
Sprache:Slowakisch
Schlagworte:
Tags: Tag hinzufügen
Keine Tags, Fügen Sie das erste Tag hinzu!

MARC

LEADER 00000nla a2200000 4500
001 0156502
005 20240502072732.0
041 0 |a slo 
044 |a SK 
245 1 0 |a Zlato ako nepokojný prístav peňazí  |c Miroslav Kmeťko 
520 |a Zlato ako garancia hodnoty. Za 2500 rokov nabralo na hodnote. Rozdiel medzi cenou a hodnotou zlata. Faktory ovplyvňujúce cenu zlata. Obchoduje sa nemetricky. 
610 2 0 |a zlato 
610 2 0 |a cena zlata 
610 2 0 |a hodnota 
100 1 |a Kmeťko, Miroslav, 1969-